Технический словарь по плотинам
| Autor corporatiu: | |
|---|---|
| Idioma: | rus anglès búlgar espanyol italià alemany polonès portuguès romanès txec francès |
| Publicat: |
Москва, Физматгиз, 1962
|
| Matèries: | |
| Format: | MixedMaterials Llibre |
| KOHA link: | https://koha.lib.tpu.ru/cgi-bin/koha/opac-detail.pl?biblionumber=339222 |
MARC
| LEADER | 00000nam0a2200000 4500 | ||
|---|---|---|---|
| 001 | 339222 | ||
| 005 | 20231102005125.0 | ||
| 035 | |a (RuTPU)RU\TPU\book\365732 | ||
| 090 | |a 339222 | ||
| 100 | |a 20171214d1962 km y0rusy50 ca | ||
| 101 | 0 | |a rus |a eng |a bul |a spa |a ita |a ger |a pol |a por |a rum |a cze |a fre | |
| 102 | |a RU | ||
| 105 | |a a e 000zy | ||
| 200 | 1 | |a Технический словарь по плотинам |f Международная комиссия по большим плотинам | |
| 210 | |a Москва |c Физматгиз |d 1962 | ||
| 215 | |a 380 с. |c ил. | ||
| 606 | 1 | |a Многоязычные словари |2 stltpush |3 (RuTPU)RU\TPU\subj\44177 |9 63548 | |
| 610 | 1 | |a сооружения | |
| 610 | 1 | |a строительные работы | |
| 610 | 1 | |a производство | |
| 610 | 1 | |a затворы | |
| 610 | 1 | |a водосбросы | |
| 610 | 1 | |a материалы | |
| 610 | 1 | |a термины | |
| 610 | 1 | |a словари | |
| 686 | |a Ш12-4 |v LBC/SL-A |2 rubbk | ||
| 712 | 0 | 2 | |a Международная комиссия по большим плотинам |2 stltpush |3 (RuTPU)RU\TPU\col\18896 |
| 801 | 1 | |a RU |b 63413507 |c 20171214 | |
| 801 | 2 | |a RU |b 63413507 |c 20220526 |g RCR | |
| 942 | |c BK | ||